Quizzes
Events
Quiz Creation
Community
Videos
Private Events
Remove Ads
Sign In
Join for FREE
Feedback
Dark Mode
Quiz Categories
Sports
Geography
Music
Movies
Television
Just For Fun
Miscellaneous
History
Literature
Language
Science
Gaming
Entertainment
Religion
Holiday
For Kids
Quiz Lab
Recent
Popular Today
Quiz Kudos Today
Editor Picks
Curator Picks
Quizzes by...
Day
Popularity
Type
Ratings
Length
Year
Community
Subscriptions
Recent Discussions
Orange Saloon
Badges
Playlists
Quests
Create
Leaderboards
Showdown
Live 5
Trivia Bingo
Activity
Puzzle Library
Sporcle Events
Private Events
Virtual Trivia
Globe League
Become a Host
Pub Owners
SporcleCon
Opinionation
Our Games
Videos
Blog
Mobile Apps
Partnerships
Remove Ads and Go Orange
Feedback
Television
TV Characters
TV Show
Sitcom
Network
Friends
Reality Shows
Cast
South Park
Star Trek
The Simpsons
Doctor Who
Television
TV Characters
TV Show
Sitcom
Network
Friends
Reality Shows
Cast
South Park
Star Trek
The Simpsons
Doctor Who
Random Quiz
Search Sporcle
×
Quiz Lab
Quiz Lab
Television
Clickable
Select answers by clicking on text or image buttons
Select answers by clicking on text or image buttons
Clickable
Best Score? Go Orange.
Follow That Line: Sex and the City Stats
Can you pick the line that continues the given dialogue from Sex and the City?
By
Puzzgal
9m
25 Questions
9,378 Plays
9,378 Plays
9,378 Plays
Comments
Comments
Give Quiz Kudos
Give Quiz Kudos
-
- Ratings
hide this ad
More Info
Forced Order
Answers have to be entered in order
Answers have to be entered in order
Replay
Link that replays current quiz
Next Quiz
Link to next quiz in quiz playlist
You Got
0%
They Got
Avg Score
85%
Avg Friend Score
Upgrade to see
Score Distribution
Jump to the score distribution portion of the page
Score
0/25
Timer
09:00
0
Plays Today
% Correct
If you had a son, we'd call Social Services.
93.8%
It's an advance from France!
93%
My therapist says that's a very common fear.
92.7%
I thought we were just sleeping together.
92%
You blew me off for a piece of politically incorrect meat???
90.6%
No, because you knew I would mock you endlessly.
89.9%
Besides the thousand dollars on the end table?
89.4%
Now I know: They are people who have recently moved in with someone.
89.4%
When did you stop calling her 'the idiot stick figure with no soul'?
89.3%
What, is he on the wait list to get one?
88.9%
I always like a good math solution to any love problem.
88.1%
His generation has a totally different letter than ours.
86.3%
I'm like frickin' Annie Get Your Clothes On.
85.4%
% Correct
I'd like to know who that woman is!
85%
Four stars. Great bread; disappointing wine selection.
84.5%
Are you dating a man or a minivan?
84.4%
You tell him they make a cream for that.
83%
She's an equal opportunity offender.
83%
It was like Noah's upper west side rent-controlled ark.
82.5%
With your track record I wouldn't put it past you.
82%
And to think he once served us food!
80.9%
That will look much better on the court transcripts of this dinner.
80.7%
Well, I just want to tie her down and force-feed her lard, but that's the difference between you and me.
80.3%
Sweetheart, he's a man, not a brownstone.
76.6%
No, only in bad screenplays and first novels.
65.2%
Quiz Playlist
Details
Report
Send in Message
Add To Playlist
More Info:
Some quotes have been slightly edited for length.
Clickable:
Select answers by clicking on text or image buttons
Forced Order:
Answers have to be entered in order
Last Updated: Mar 14, 2017
Quiz Scoreboard
CHALLENGE
Sign Up to Join the Scoreboard
Show All
Scores
Hide
Comments
May contain spoilers
Recently Published
An Introduction to Baseball
by treessimontrees
Sports
5m
Movies - When Are They Set?
by FPL_Elf
Movies
5m
Popular People in 1961
by mucciniale
History
6m
More to Explore
Quiz From the Vault
Featured Blog Post
Where Did the Easter Bunny Come From?
hide this ad
You Might Also Like...
Tags
Clickable Quiz
Follow That Line Quiz
Quote Quiz
TV Show Quiz
Follow
Today's Top Quizzes in Television
Browse Television
hide this ad
Today's Top Quizzes in Clickable
Browse Clickable
Top Contributed Quizzes in Television
1
One Piece Logic Puzzle
2
Survivor Logic Puzzle: Heroes vs. Villains
3
5-to-1: The Simpsons Families
4
Survivor Seasons
5
Survivor Season by Logo
6
5-to-1: Television Doctors
7
7-to-1: TV Show Settings
8
One Thing in Common: Television
9
Survivor Trivia
10
5-to-1: Streaming Originals
Explore More
Trending Topics
Harry Potter
Anime
Crossword
Kpop
Disney
Marvel
NBA
Pokémon
WWE
Soccer
NFL
Song
The Office
Country
Puzzle
hide this ad
More By:
Puzzgal
Quiz
Plays
Rating
Category
Featured
Created
Categorize the Countries
172,624
4.55
Geography
Mar 23, 2014
Categorize the Colors
163,368
4.51
Language
Jun 6, 2013
English Puns
132,598
4.26
Language
Dec 14, 2013
Follow That Lyric: The Sound of Music
120,124
4.42
Entertainment
Oct 25, 2012
Movie Title Missing Person
117,597
4.55
Movies
May 14, 2012
Go to Creator's Profile
Score Distribution
Quiz Creator Spotlight
Puzzgal
Follow
Send a Message
Quizzes Created
-
Created Quiz Play Count
-
More By This Creator
Popular Quizzes Today
1
Find the Countries of Europe - No Outlines Minefield
2
Find the US States - No Outlines Minefield
3
The Countries of the World
4
Popular People in 1961
5
Find the US States
6
US States
7
1-10 Letter E Words III
8
Risky Map Clicking: Biggest States A-Z
More Television Quizzes
Acrostic Baywatch
Quiz Lab
Trending Quizzes
Risky Map Clicking: Least Populous States A-Z
1-10 Letter F Words
1-10 Letter G Words
Not Quite an Element Typing Challenge
One Thing in Common: United Kingdom
Recently Updated
Leaping Animals
pecheneg
Reality TV Shows (A-Z)
bhenderson79
Rickey Henderson's Hall of Fame Teammates
pecheneg
Champions League XIs: Arsenal
pecheneg
Quick Pick: Celebrities in WWE's Hall of Fame
aduchscher
A-Z Keypad Blitz II
pecheneg
Multiple Oscar Actors
pecheneg
Mystery Phrase Blitz: Oscar 'Best Actors'
pecheneg
F. Scott Fitzgerald Novels
LTH
Pick 3 Villains
ddd62291
Trending Topics
NBA
Harry Potter
Crossword
Marvel
Disney
Anime
Kpop
Song
The Office
Puzzle
Soccer
WWE
NFL
Pokémon
Country
Your Account Isn't Verified!
In order to create a playlist on Sporcle, you need to verify the email address you used during registration. Go to your
Sporcle Settings
to finish the process.
Report this User
Report this user for behavior that violates our
Community Guidelines
.
Details:
Send Report
Go to the Sporcle.com Mobile Site →
Comments